Population | Agglomeration |
13,262,220 | Los Angeles | | 99.5% | 3,671,478 | Seattle | | 99.2% | 4,594,060 | San Francisco | | 98.9% | 2,348,247 | Portland | | 98.7% | 4,489,109 | Phoenix | | 98.4% | 3,263,431 | San Diego | | 98.4% | 2,754,258 | Denver | | 98.1% | 1,004,516 | Tucson | | 97.1% | 2,069,681 | Las Vegas | | 96.6% | 1,952,872 | San Jose | | 96.6% | 2,244,397 | Sacramento | | 96.3% | 664,422 | Boise | | 96.3% | 443,990 | Reno | | 96% | 1,153,340 | Salt Lake City | | 95.8% | 4,441,890 | Riverside | | 95.2% | 965,974 | Fresno | | 95% | 686,908 | Colorado Springs | | 95% | 904,587 | Albuquerque | | 94.4% | 540,953 | Spokane | | 94.4% | 358,337 | Eugene | | 93.9% | 404,026 | Salem | | 93.7% | 874,589 | Bakersfield | | 93.1% | 571,460 | Provo | | 91.3% | 166,885 | Billings | | 90.7% | 148,164 | Santa Fe | | 89.9% | 715,597 | Stockton | | 86.2% | 440,668 | Santa Maria | | 86% | 324,122 | Fort Collins | | 85.2% | 991,788 | Honolulu | | 84.7% |
|
Population | Agglomeration |
398,892 | Anchorage | | 84.7% | 213,676 | Las Cruces | | 84.7% | 96,389 | Cheyenne | | 84.7% | 265,851 | Olympia | | 83.9% | 161,875 | Pueblo | | 83.9% | 632,293 | Ogden | | 83.9% | 846,178 | Oxnard | | 83.6% | 313,333 | Boulder | | 83.6% | 137,682 | Flagstaff | | 83.6% | 531,997 | Modesto | | 83.3% | 138,266 | Idaho Falls | | 81% | 54,522 | Carson City | | 81% | 247,687 | Yakima | | 79.6% | 203,247 | Yuma | | 79.4% | 170,388 | Bend | | 79.4% | 112,684 | Missoula | | 77.5% | 431,344 | Salinas | | 77% | 500,292 | Santa Rosa | | 75.9% | 179,804 | Redding | | 74.9% | 83,347 | Pocatello | | 74.1% | 81,624 | Casper | | 73.5% | 210,287 | Medford | | 73.3% | 99,357 | Fairbanks | | 72.2% | 208,351 | Bellingham | | 72% | 148,255 | Grand Junction | | 70.9% | 458,198 | Visalia | | 70.4% | 277,670 | Greeley | | 70.1% | 279,083 | San Luis Obispo | | 69.6% | 82,344 | Great Falls | | 68.8% |
|
Population | Agglomeration |
151,948 | St. George | | 68.3% | 271,804 | Santa Cruz | | 67.7% | 147,326 | Coeur d'Alene | | 67.7% | 274,295 | Kennewick | | 67.2% | 203,361 | Lake Havasu City | | 65.3% | 431,131 | Vallejo | | 65.1% | 266,353 | Merced | | 63.8% | 63,829 | Walla Walla | | 63.8% | 224,241 | Chico | | 63.5% | 218,844 | Prescott | | 63% | 131,364 | Logan | | 58.2% | 123,785 | Farmington | | 58.2% | 141,667 | Napa | | 56.9% | 254,183 | Bremerton | | 56.6% | 179,091 | El Centro | | 55.3% | 169,813 | Yuba City | | 54.5% | 86,316 | Corvallis | | 54% | 150,269 | Hanford | | 46.3% | 154,548 | Madera | | 42.1% | 119,356 | Albany | | 42.1% | 62,196 | Lewiston | | 41.8% | 163,108 | Kahului | | 41% | 83,599 | Grants Pass | | 38.9% | 127,448 | Sierra Vista | | 36% | 114,392 | Wenatchee | | 35.2% | 102,133 | Longview | | 30.4% | 120,365 | Mount Vernon | | 26.5% |
|
Comments